[Event "Chigorin Memorial 30th"]
[Site "St Petersburg"]
[Date "2023.10.27"]
[Round "7"]
[White "Grekhov, Roman"]
[Black "Lopatin, Yuriy"]
[Result "1-0"]
[WhiteElo "1758"]
[BlackElo "2082"]
[PlyCount "79"]
[EventDate "2023.10.21"]
[EventType "swiss"]
[EventRounds "9"]
[EventCountry "RUS"]
[SourceTitle "Mega2024 Update 01"]
[Source "Chessbase"]
[SourceDate "2023.11.12"]
[SourceVersion "1"]
[SourceVersionDate "2023.11.12"]
[SourceQuality "1"]

1. d4 Nf6 2. Nf3 e6 3. c4 c5 4. g3 a6 5. Bg2 d6 6. 0-0 Nbd7 7. Nc3 Be7 8. e4 Qc7 9. Qe2 e5 10. dxe5 dxe5 11. Nh4 Nb6 12. Nf5 Bxf5 13. exf5 0-0 14. Bg5 h6 15. Be3 Rad8 16. a4 Rfe8 17. h4 Qd7 18. a5 Nc8 19. g4 Nh7 20. Rfd1 Qc7 21. Nd5 Rxd5 22. Rxd5 Bxh4 23. Rxc5 Qe7 24. b4 e4 25. b5 Ng5 26. Rd1 Nd6 27. b6 Nf3+ 28. Bxf3 exf3 29. Qxf3 Ne4 30. Rc7 Qa3 31. Kg2 h5 32. g5 Bxg5 33. Bxg5 Qxf3+ 34. Kxf3 Nxg5+ 35. Kg2 Re4 36. f3 Re2+ 37. Kg3 Kh7 38. Rxb7 h4+ 39. Kxh4 Rg2 40. Rf1 1-0

[Event "Cheliabinsk Panchenko Memorial op-A"]
[Site "Cheliabinsk"]
[Date "2020.09.11"]
[Round "5"]
[White "Grekhov, Roman"]
[Black "Averin, Nikolay"]
[Result "1/2-1/2"]
[WhiteElo "1517"]
[BlackElo "1871"]
[PlyCount "94"]
[EventDate "2020.09.07"]
[EventType "swiss"]
[EventRounds "9"]
[EventCountry "RUS"]
[SourceTitle "CBM 198 Extra"]
[Source "ChessBase"]
[SourceDate "2020.11.30"]
[SourceVersion "1"]
[SourceVersionDate "2020.11.30"]
[SourceQuality "1"]

1. d4 d5 2. c4 e6 3. Nc3 Nf6 4. cxd5 exd5 5. Bg5 c6 6. e3 Bf5 7. Qf3 Bg6 8. Bxf6 Qxf6 9. Qxf6 gxf6 10. f4 Bb4 11. Nf3 Nd7 12. a3 Bd6 13. Nh4 h6 14. Kf2 a5 15. f5 Bh7 16. g4 0-0-0 17. Rc1 Kb8 18. Be2 Rhe8 19. h3 Re7 20. Bf3 Rde8 21. Ng2 Nb6 22. Be2 Rc7 23. Bd3 Bf8 24. Nf4 Bd6 25. Rhe1 Bxf4 26. exf4 Rce7 27. Rxe7 Rxe7 28. Re1 Rxe1 29. Kxe1 Nc8 30. Kd2 Kc7 31. Ne2 Nd6 32. Kc3 b5 33. Nc1 Kb6 34. Nb3 Bg8 35. Nc5 Kc7 36. Kd2 Bh7 37. Ke3 Ne8 38. Kf3 h5 39. g5 Ng7 40. g6 Bg8 41. Kg3 a4 42. Kh4 Kd6 43. Kg3 Kc7 44. Kf3 Kd6 45. h4 fxg6 46. fxg6 f5 47. Ke3 Ke7 1/2-1/2